|
|
|
|
| LEADER |
00000naa a2200000uu 4500 |
| 001 |
vtls011093295 |
| 003 |
SK-MaSNL |
| 005 |
20260302110457.0 |
| 008 |
210824|1997 xo |||||||||||||||||eng| |
| 015 |
|
|
|a SNBRA
|
| 035 |
|
|
|a (urnnbn)urn:nbn:sk:snk:ar-a0cs83
|
| 035 |
|
|
|a (uuid)c1a4db8a-275f-4d2b-9a22-8519a3ab6b59
|
| 035 |
|
|
|a urn:nbn:sk:snk-aavxwf
|
| 040 |
|
|
|a SNKBUCL
|b slo
|c SNKBUCL
|e AACR2
|
| 041 |
0 |
|
|a eng
|
| 044 |
|
|
|a xo
|c SK
|
| 100 |
1 |
|
|a Urbanik, Edmund
|4 aut
|9 786567
|
| 245 |
1 |
0 |
|a GLUEING HIGH MOISTURE CONTENT VENEER WITH ADHESIVES BASED ON RPF AND PF
|c Edmund Urbanik, Mariusz Jóźwiak, Witold Jabloňski
|
| 700 |
1 |
|
|a Jóźwiak, Mariusz
|4 aut
|9 786405
|
| 700 |
1 |
|
|a Jabloňski, Witold
|4 aut
|9 786568
|
| 773 |
0 |
|
|t Pokroky vo výrobe a použití lepidiel v drevopriemysle : 13. sympózium, Vinné, 3.-5.9.1997 : zborník referátov
|d Vo Zvolene : Technická univerzita, 1997
|g S. 225-232
|z 8022805920
|
| 958 |
|
|
|a OND
|
| 958 |
|
|
|a article12
|
| 958 |
|
|
|a chapter
|
| 999 |
|
|
|c 1243552
|d 1245482
|